• 首页
  • 本馆介绍
  • 公告通知
  • 最新文献
  • 馆藏检索
  • 电子资源
  • 读者导购
  • 参考咨询
  • 我的图书馆
  • 登录
  • 详细信息显示
  • 放入我的书架
  • 预约/预借图书
  • 作者相关作品
  • 分类相关作品
  • 丛书相关作品
  • 出版社相关作品

书目信息

  • 表格格式
  • 工作单格式
  • 卡片格式
题名:
应用密码学
    
 
作者: 胡向东 , 魏琴芳 , 胡蓉 编著
分册:  
出版信息: 北京   电子工业出版社  2019
页数: 402页
开本: 26cm
丛书名:
单 册:
中图分类: TN918.1
科图分类:
主题词: 密码术--高等学校--教材
电子资源:
ISBN: 978-7-121-35541-7
000 01177nam0 2200301 45
001 012001005232
005 20191213102333.06
010    @a978-7-121-35541-7@dCNY89.00
100    @a20190731d2019 em y0chiy50 ea
101 0  @achi
102    @aCN@b110000
105    @aa az 000yy
106    @ar
200 1  @a应用密码学@9ying yong mi ma xue@f胡向东,魏琴芳,胡蓉编著
205    @a4版
210    @a北京@c电子工业出版社@d2019
215    @a402页@c图@d26cm
300    @a高等教育“十三五”机电类规划教材 普通高等教育“十一五”国家级规划教材 强化工程教育和“学思交融”深度学习模式 特色教材
307    @a实际页数为:403
320    @a有书目(第403页)
330    @a本书介绍了应用密码学的基本概念、基本理论和典型实用技术。全书共13章,内容涉及密码学基础、古典密码、密码学数学引论、对称密码体制、非对称密码体制、杂凑算法和消息认证、数字签名、密钥管理、序列密码、密码学的新进展、中国商用密码算法标准和密码学应用与实践。
606 0  @a密码术@x高等学校@j教材
690    @aTN918.1@v5
701  0 @a胡向东@9hu xiang dong@4编著
701  0 @a魏琴芳@9wei qin fang@4编著
701  0 @a胡蓉@9hu rong@4编著
801  0 @aCN@b江苏凤凰@c20191020
905    @b1207768-70@dTN918.1@e217=4@f3
    
    应用密码学/胡向东,魏琴芳,胡蓉编著.-4版.-北京:电子工业出版社,2019
    402页:图;26cm
    高等教育“十三五”机电类规划教材 普通高等教育“十一五”国家级规划教材 强化工程教育和“学思交融”深度学习模式 特色教材
    
    ISBN 978-7-121-35541-7:CNY89.00
    本书介绍了应用密码学的基本概念、基本理论和典型实用技术。全书共13章,内容涉及密码学基础、古典密码、密码学数学引论、对称密码体制、非对称密码体制、杂凑算法和消息认证、数字签名、密钥管理、序列密码、密码学的新进展、中国商用密码算法标准和密码学应用与实践。
●
相关链接 在E读中查询图书 在五车中查询图书 在当当中查询图书 在豆瓣中查询图书


正题名:应用密码学     索取号:TN918.1/217=4         预约/预借

序号 登录号 条形码 馆藏地/架位号 状态 备注
1 1207768   212077688   第二样本阅览室/ [索取号:TN918.1/217=4] 在馆    
2 1207769   212077697   第三借阅区/ [索取号:TN918.1/217=4] 在馆    
3 1207770   212077704   第三借阅区/ [索取号:TN918.1/217=4] 在馆    
唐山师范学院图书馆 欢迎您!
大连网信软件有限公司© 版权所有